Определение оптимальной последовательности циклической работы аппарата десублимации; Молодежь и современные информационные технологии

Bibliografiske detaljer
Parent link:Молодежь и современные информационные технологии.— 2019.— [С. 283-284]
Hovedforfatter: Николаев А. В. Александр Валерьевич
Institution som forfatter: Национальный исследовательский Томский политехнический университет Инженерная школа ядерных технологий Отделение ядерно-топливного цикла
Andre forfattere: Криницын Н. С. Николай Станиславович (научный руководитель), Дядик В. Ф. Валерий Феодосиевич
Summary:Заглавие с титульного экрана
Sprog:russisk
Udgivet: 2019
Serier:Автоматизация и управление в технических системах
Fag:
Online adgang:http://earchive.tpu.ru/handle/11683/52548
Format: MixedMaterials Electronisk Book Chapter
KOHA link:https://koha.lib.tpu.ru/cgi-bin/koha/opac-detail.pl?biblionumber=629128

MARC

LEADER 00000naa2a2200000 4500
001 629128
005 20231101133539.0
035 |a (RuTPU)RU\TPU\conf\29572 
035 |a RU\TPU\conf\29571 
090 |a 629128 
100 |a 20190131d2019 k y0rusy50 ca 
101 0 |a rus 
102 |a RU 
105 |a y z 101zy 
135 |a drcn ---uucaa 
181 0 |a i  
182 0 |a b 
200 1 |a Определение оптимальной последовательности циклической работы аппарата десублимации  |f А. В. Николаев, Н. С. Криницын  |g науч. рук. В. Ф. Дядик 
203 |a Текст  |c электронный 
225 1 |a Автоматизация и управление в технических системах 
230 |a 1 компьютерный файл (pdf; 280 Кb) 
300 |a Заглавие с титульного экрана 
320 |a [Библиогр.: с. 284 (3 назв.)] 
463 0 |0 (RuTPU)RU\TPU\conf\29427  |t Молодежь и современные информационные технологии  |o сборник трудов XVI Международной научно-практической конференции студентов, аспирантов и молодых учёных, 3-7 декабря 2018 г., г. Томск  |f Национальный исследовательский Томский политехнический университет, Инженерная школа информационных технологий и робототехники ; под ред. Д. М. Сонькина [и др.]  |v [С. 283-284]  |d 2019 
610 1 |a электронный ресурс 
610 1 |a труды учёных ТПУ 
610 1 |a последовательность 
610 1 |a десублимация 
610 1 |a циклические режимы 
610 1 |a гексафторид урана 
610 1 |a аппараты 
610 1 |a высокотемпературные реакции 
610 1 |a захолаживание 
700 1 |a Николаев  |b А. В.  |c специалист в области автоматики и электроники  |c инженер-проектировщик Томского политехнического университета  |f 1987-  |g Александр Валерьевич  |2 stltpush  |3 (RuTPU)RU\TPU\pers\32925 
701 1 |a Криницын  |b Н. С.  |c специалист в области физических установок  |c ассистент Томского политехнического университета, программист  |f 1987-  |g Николай Станиславович  |2 stltpush  |3 (RuTPU)RU\TPU\pers\28155 
702 1 |a Дядик  |b В. Ф.  |c специалист в области автоматического управления  |c доцент Томского политехнического университета, кандидат технических наук  |f 1939-  |g Валерий Феодосиевич  |2 stltpush  |4 727 
712 0 2 |a Национальный исследовательский Томский политехнический университет  |b Инженерная школа ядерных технологий  |b Отделение ядерно-топливного цикла  |h 7864  |2 stltpush  |3 (RuTPU)RU\TPU\col\23554 
801 2 |a RU  |b 63413507  |c 20201230  |g RCR 
856 4 |u http://earchive.tpu.ru/handle/11683/52548 
942 |c BK